000 00655cab a2200217 4500
001 ABS37853
008 090401t1987 xxu||||| |||| 00| 0 eng d
035 _a(Sirsi) u7156
041 _aeng
100 _aWhite, P.
245 _aPlymouth walking into a better future
260 _c1987
350 _a0
490 _aSurveyor
_v168(4948) 11 June 1987, 14-15(2)
520 _aReports on the efforts by Plymouth City Council to pedestrianise the city centre, as outlined in the policy document Tomorrow`s Plymouth.
650 _aPEDESTRIANISATION
650 _aSHOPPING
690 _aPLANNING LAW AND PRACTICE
942 _n0
948 _c04/03/1997
999 _c4280
_d4280